Take five

Na minha lista:
Detalhes bibliográficos
Autor principal: Lanzano, Michael R (Autor)
Formato: Livro
Idioma:inglês
Publicado em: Nueva York Collier Macmillan International 1980
coleção:Collier Macmillan English Program
Assuntos:
Tags: Adicionar Tag
Sem tags, seja o primeiro a adicionar uma tag!

MARC

LEADER 00000nam a2200000 a 4500
001 UCQ2793
003 CL-VaPUC
008 980731e19800000US |||||||||||||||||eng|d
020 |a 0029745608 
082 0 4 |a 428.07  |b LAN  |2 21 
100 |a Lanzano, Michael R  |e author  |9 416865 
245 1 0 |a Take five 
300 |a 104 p 
942 |c BK 
945 |d 19980731 00:00:00  |a crobeson 
260 |a Nueva York  |b Collier Macmillan International  |c 1980 
650 0 |a Inglés  |9 260023 
650 0 |a Enseñanza del inglés  |9 367340 
650 0 |a Educación lingüística  |9 306506 
650 0 |a Lectura  |9 307634 
650 0 |a Cuentos  |9 308079 
650 0 |a Vocabulario  |9 345405 
583 |a last modification  |c 19980731 00:00:00  |k Rodrigo Vera 
490 0 |a Collier Macmillan English Program 
999 |c 273559  |d 273557 
952 |0 0  |1 0  |4 0  |6 428_070000000000000_LAN_1980  |7 0  |8 A  |9 309264  |a BIBEDU  |b BIBEDU  |d 2019-11-20  |i 1449958  |o 428.07 LAN 1980  |p 1449958  |r 2019-11-20  |w 2019-11-20  |y BK  |k LIT 
952 |0 0  |1 0  |4 0  |6 428_070000000000000_LAN_1980  |7 0  |8 A  |9 309265  |a BIBEDU  |b BIBEDU  |d 2019-11-20  |i 4544870  |o 428.07 LAN 1980  |p 4544870  |r 2019-11-20  |w 2019-11-20  |y BK  |k LIT